00723nam a2200193Ia 4500003000900000008004100009020001800050040001600068080001700084100002500101245013900126260004800265300001500313650001800328650002800346942000700374999001700381952013100398IN-BaIIA211028s9999 xx 000 0 eng d a0-521-32688-5 cIIA Library a52(091)bGIN aGingerich, O.922104 4aThe great copernicus chase and other adventures in astronomical historycO. Gingerich  aCambridgebCambridge University Pressc1992 axii, 304p. aAstronomy980 aHistory-astronomy91125 cBK c12614d12614 00104070aBANbBANcGENd1998-08-06eTBH g531.00l0o52(091)/ GINp13531r2021-11-05v531.00w1998-08-06yBKGRs. 531.00